000 01698cam a22004454i 4500
003 PE-LiUPU
005 20250731173440.0
008 150616s r 000 0 d
035 _a(Sirsi) a5673
040 _aPE-LiUPU
_bspa
_cPE-LiUPU
_erda
049 _aPRUA
082 0 4 _a236.2804
_bG11
_221
100 1 _aGabás Pallás, Raúl,
_eautor.
245 1 0 _aEscatología Protestante en la Actualidad.
264 1 _aVitoria :
_bGráficas Eset,
_c1954.
300 _a334 páginas ;
_c24 cm.
336 _atext
_2rdacontent
337 _aunmediated
_2rdamedia
338 _avolume
_2rdacarrier
505 0 _aExposición de la escatología protestante en la actualidad.- Paul Althaus.- Karl Barth.- Emil Brunner.- Oscar Cullmann.- Estudios comparados de los autores expuestos.- Características generales y contrastes individuales.- Respuesta a los principales problemas escatológicos del protestantismo moderno.
526 _aSEG42
526 _aSEG41
526 _aSEG40
526 _aSEG39
526 _aP94
526 _aP87
526 _aP86
526 _aP85
526 _aP77
526 _aP76
526 _aP35
650 0 4 _aESCATOLOGIA (PROTESTANTISMO).
910 _ajck
_bjvq
_cjck
942 _2ddc
_cBOOK
949 _a236.2804 G11
_wDEWEY
_c1
_i39382
_lCCODEBUL1
_mBUL
_p00.00
_r0
_sY
_tBOOK
_u19950927
_xTEOLOGIA
_zUNKNOWN
_0COMPRA
_o.STAFF. Colección General
994 _aC0
_bPEPRU
596 _a1
999 _a236.2804 G11
_wDEWEY
_c56727
_i39382
_d56727
_e2018-4-26
_f2021-11-11
_g5
_lCCODEBUL1
_mBUL
_n1
_q1
_r0
_sY
_tBOOK
_u2015-6-16
_xTEOLOGIA
_zUNKNOWN
_0COMPRA
_o.STAFF. Colección General
980 _81
_gALBERTO SANCHEZ Responsable de Automatización